Navodhana sankalpam : (Record no. 75526)

MARC details
000 -LEADER
fixed length control field 00999nam a22002537a 4500
003 - CONTROL NUMBER IDENTIFIER
control field OSt
005 - DATE AND TIME OF LATEST TRANSACTION
control field 20220209115301.0
008 - FIXED-LENGTH DATA ELEMENTS--GENERAL INFORMATION
fixed length control field 220117b |||||||| |||| 00| 0 eng d
020 ## - INTERNATIONAL STANDARD BOOK NUMBER
Collection Number T208
040 ## - CATALOGING SOURCE
Transcribing agency STCP
041 ## - LANGUAGE CODE
Language code of text/sound track or separate title Malayalam
082 ## - DEWEY DECIMAL CLASSIFICATION NUMBER
Classification number 894.812
Item number SIN-N
100 ## - MAIN ENTRY--PERSONAL NAME
Personal name Sindhu Sebastian
110 ## - GUIDE
Theses guided by Guided by Thomas Scaria
111 ## - REARCH CENTRE
University and Center Mahatma Gandhi University Kottayam, Post Graduate and Research Department of Malayalam, St Thomas Colleage Palai
245 ## - TITLE STATEMENT
Title Navodhana sankalpam :
Remainder of title Chavara Kuriakose Eliasachante jeevithathilum krithikalilum /
Statement of responsibility, etc. by Sindhu sebastian
Title in other language നവോഥാന സങ്കൽപം : ചാവറ കുര്യാക്കോസ് ഏലിയാസച്ചന്റെ ജീവിതത്തിലും കൃതികളിലും
260 ## - PUBLICATION, DISTRIBUTION, ETC.
Place of publication, distribution, etc. Pala :
Date of publication, distribution, etc. May 2019
300 ## - PHYSICAL DESCRIPTION
Extent 293 p.
Other physical details Hard Back
650 ## - SUBJECT ADDED ENTRY--TOPICAL TERM
Topical term Malayalam
856 ## - ELECTRONIC LOCATION AND ACCESS
Uniform Resource Identifier <a href="https://shodhganga.inflibnet.ac.in/handle/10603/290453">https://shodhganga.inflibnet.ac.in/handle/10603/290453</a>
942 ## - ADDED ENTRY ELEMENTS (KOHA)
Koha item type Theses
942 ## - ADDED ENTRY ELEMENTS (KOHA)
Source of classification or shelving scheme Dewey Decimal Classification
Suppress in OPAC No
942 ## - ADDED ENTRY ELEMENTS (KOHA)
Source of classification or shelving scheme Dewey Decimal Classification
Suppress in OPAC No
Holdings
Withdrawn status Lost status Source of classification or shelving scheme Damaged status Not for loan Collection code Home library Current library Shelving location Date acquired Total Checkouts Full call number Barcode Date last seen Price effective from Koha item type
    Dewey Decimal Classification     Malayalam ST. THOMAS COLLEGE LIBRARY, PALAI ST. THOMAS COLLEGE LIBRARY, PALAI Theses 2022-01-17   894.812 SIN-N T208 2022-01-17 2022-01-17 Theses
Rights reserved ©2021 ST. THOMAS COLLEGE LIBRARY
A joint venture of - St. Thomas College Library and
Department of Computer Science, St. Thomas Collge Palai